Door (All Lyrics) - Conan Gray - Statistics

General Stats
  • This quiz has been taken 31 times
  • The average score is 212 of 259
Answer Stats
Answer % Correct
do
100%
door
100%
I
100%
the
100%
you,
100%
you
100%
You
100%
A
95%
a
95%
be
95%
close
95%
my
95%
of
95%
we
95%
When
95%
when
95%
open
90%
to
90%
floor
85%
for
85%
for?
85%
I'm
85%
just
85%
me
85%
me,
85%
need
85%
on
85%
spilled
85%
that
85%
this
85%
were
85%
Who
85%
wine
85%
Wipe
85%
your
85%
bead
80%
but
80%
But
80%
calling
80%
he
80%
it
80%
keep
80%
love
80%
Only
80%
You're
80%
you're
80%
bed
75%
from
75%
off
75%
sheets
75%
So
75%
and
70%
And
70%
cab
70%
doesn't
70%
exist
70%
eyes,
70%
go
70%
left
70%
night
70%
not
70%
up
70%
could
65%
even
65%
Falling
65%
good
65%
halfway
65%
I'll
65%
know
65%
London
65%
never
65%
One
65%
opened
65%
person
65%
phone
65%
picking
65%
away
60%
baby,
60%
closed
60%
don't
60%
found
60%
headphones
60%
how
60%
kiss
60%
myself
60%
same
60%
shared
60%
sing
60%
slept
60%
songs
60%
stage
60%
taking
60%
today,
60%
train
60%
about
55%
butts
55%
cigarette
55%
I've
55%
makes
55%
page
55%
rosary
55%
turn
55%
word
55%
find
50%
porch
50%
still
50%
stop
50%
tried
50%
went
50%
Wiped
50%
else
45%
savoring
45%
somebody
45%
lonelier
40%
No matching quizzes found
Score Distribution
Percent of People with Each Score
Percentile by Number Answered
Your Score History
You have not taken this quiz